00350nam a2200133Ia 4500003000400000008004100004040001600045082001600061100002500077245003800102260004500140300000800185650002300193GCL140319s9999 xx 000 0 eng d aGCL / cGCL04a862.08bG A1 aGALDOS, BENITO PEREZ10aTRISTANA / cGALDOS, BENITO PEREZ a[S.N] : bEL LIBRO DE BOLSILLO ، c1986 a18304aSPANISH LITERATURE